000 01866nab a2200277 a 4500
005 20250319161742.0
008 991125c2016 sp tr p o 000 0 spa d
035 _aUPN01000216930
040 _aUPN
_bspa
_cUPN
_eaacr2
049 _aART-E
100 1 _aRico Moreno, Jennifer
_6- jrico23@xtec.cat
100 1 _aTárraga Mínguez, Raúl
245 1 0 _aComorbilidad de TEA y TDAH: revisión sistemática de los avances en investigación
_h[recurso electrónico en línea]
506 0 _aAcceso abierto
520 3 _aLa reciente publicación del DSM-5, introduce la novedad de aceptar la posibilidad de un diagnóstico comórbido de los Trastorno de Espectro Autista (TEA) y el Trastorno por Déficit de Atención/Hiperactividad (TDAH). En este artículo se realiza una revisión de trabajos que han estudiado esta comorbilidad. Se revisaron un total de 28 investigaciones, estableciendo 4 temáticas diferentes. La investigación muestra tasas variables de comorbilidad de TEA y TDAH dependiendo de la edad y procedencia de las muestras, y de los criterios diagnósticos empleados. Cuando se da la comorbilidad de TEA y TDAH aumenta la severidad de la sintomatología autista y de trastornos externalizantes e internalizantes. Sin embargo, ello no parece relacionarse con un empeoramiento del estrés parental ni de la calidad de vida familiar.
650 0 _953508
_aTrastorno por déficit de atención con hiperactividad
650 2 _923712
_aTrastornos del espectro autista
650 4 _aEducación
_9682
653 0 _aComorbilidad
773 _gVol. 32, no. 3 (2016), p. 810-819
_tAnales de psicología = Annals of psychology
_x1695-2294
856 4 _uhttps://revistas.um.es/analesps/article/view/analesps.32.3.217031
856 4 _uhttps://doi.org/10.6018/analesps.32.3.217031
902 _aGloria Jiménez/1024
905 _aArticulo
942 _cART-E
999 _c189030
_d189030